| 000 | 00887nam a2200289 a 4500 | ||
|---|---|---|---|
| 001 | vtls000163131 | ||
| 003 | NLI | ||
| 005 | 20210602103301.0 | ||
| 008 | 101125s2000 bg 001 0 eng | ||
| 020 |
_a9840515594 : _cRs. 300.00 |
||
| 039 | 9 |
_y201011251710 _zVLOAD |
|
| 040 |
_aNLI _beng _cDatasoft 1 _eAACR2 |
||
| 041 | 0 | _aeng | |
| 044 | _abg | ||
| 082 | 0 | 4 | _a320.8095492 |
| 100 | 1 |
_aSiddiqui, Kamal _973383 |
|
| 245 | 1 | 0 |
_aLocal governance in Bangladesh : _bleading issues and major challenges / _cKamal Siddiqui |
| 260 |
_aDhaka : _bUnivesity Press, _c2000 |
||
| 300 |
_axiii, 186 p. ; _c22 cm. |
||
| 504 | _aIncludes bibliographical references and index | ||
| 650 | 0 |
_aLocal government _zBangladesh |
|
| 887 | _a | ||
| 901 |
_a538967 _b03.09.2001 |
||
| 902 | _aE 320.8095492 Si 13 | ||
| 942 |
_2ddc _cBKS |
||
| 949 |
_AVIRTUAITEM _D10000 _X100 _6PUR000538967ENG |
||
| 999 |
_aVIRTUA40 _c168221 _d168221 |
||